Normal view
MARC view
- Bown, A. H. J.
Entry Personal Name
001 - CONTROL NUMBER
- control field: 19657
003 - CONTROL NUMBER IDENTIFIER
- control field: NUST
005 - DATE AND TIME OF LATEST TRANSACTION
- control field: 20190828080831.0
008 - FIXED-LENGTH DATA ELEMENTS
- fixed length control field: 190828|| aca||aabn | a|a d
040 ## - CATALOGING SOURCE
- Original cataloging agency: NUST
- Transcribing agency: NUST
100 ## - HEADING--PERSONAL NAME
- Personal name: Bown, A. H. J.
670 ## - SOURCE DATA FOUND
- Source citation: Work cat.: (NUST)0: Bown, A. H. J., Port operation and administration,, 1950.
